000 00330nam a22001337a 4500
008 170615b xxu||||| |||| 00| 0 eng d
020 _a9781403989529
041 _aeng
080 _a32
100 _a19
101 _aSHP
245 _aTHE PLAGRAVE MACMILLAN DICTIONARY OF POLITICAL THOUGHT
_cSCRUTON.R
942 _2udc
_cBK
999 _c17523
_d17523